KUMARTANTRAM (Record no. 11281)

MARC details
000 -LEADER
fixed length control field 00280nam a22001337a 4500
003 - CONTROL NUMBER IDENTIFIER
control field SGT
082 ## - DEWEY DECIMAL CLASSIFICATION NUMBER
Classification number 618.1
Item number K07K
100 ## - MAIN ENTRY--PERSONAL NAME
Personal name KATHYAYAN, ABHAY
245 ## - TITLE STATEMENT
Title KUMARTANTRAM
260 ## - PUBLICATION, DISTRIBUTION, ETC. (IMPRINT)
Place of publication, distribution, etc VARANSI
Name of publisher, distributor, etc CHAUKHAMBHA PUB
Year of Publication 2007
300 ## - PAGE DESCRIPTION
No. of Pages 99
650 ## - SUBJECT ADDED ENTRY--TOPICAL TERM
Topical term or geographic name as entry element AYURVEDA
942 ## - ADDED ENTRY ELEMENTS (KOHA)
Source of classification or shelving scheme Dewey Decimal Classification
Koha item type Books
942 ## - ADDED ENTRY ELEMENTS (KOHA)
-- 2
Holdings
Withdrawn status Lost status Source of classification or shelving scheme Damaged status Not for loan Collection code Home library Current library Shelving location Date acquired Cost, normal purchase price SGTU Bill Number Total Checkouts Full call number Accession No. (Barcode) Date last seen Date last borrowed Bill Date Koha item type
    Dewey Decimal Classification     AYURVEDA SGT FA-FP Library SGT FA-FP Library Text Book 23/03/2017 100.00 SGTU CP/B/948 1 618.1 K07K FA5231 09/12/2020 12/02/2019 09/02/2017 Books
    Dewey Decimal Classification     AYURVEDA SGT FA-FP Library SGT FA-FP Library Text Book 23/03/2017 100.00 SGTU CP/B/948   618.1 K07K FA5232 23/03/2017   09/02/2017 Books
    Dewey Decimal Classification     AYURVEDA SGT FA-FP Library SGT FA-FP Library Text Book 23/03/2017 100.00 SGTU CP/B/948   618.1 K07K FA5233 23/03/2017   09/02/2017 Books
    Dewey Decimal Classification     AYURVEDA SGT FA-FP Library SGT FA-FP Library Text Book 23/03/2017 100.00 SGTU CP/B/948   618.1 K07K FA5234 23/03/2017   09/02/2017 Books
    Dewey Decimal Classification     AYURVEDA SGT FA-FP Library SGT FA-FP Library Text Book 23/03/2017 100.00 SGTU CP/B/948   618.1 K07K FA5235 23/03/2017   09/02/2017 Books
    Dewey Decimal Classification     AYURVEDA SGT FA-FP Library SGT FA-FP Library Text Book 23/03/2017 100.00 SGTU CP/B/948   618.1 K07K FA5236 23/03/2017   09/02/2017 Books
    Dewey Decimal Classification     AYURVEDA SGT FA-FP Library SGT FA-FP Library Text Book 23/03/2017 100.00 SGTU CP/B/948 6 618.1 K07K FA5237 08/04/2025 08/04/2025 09/02/2017 Books
    Dewey Decimal Classification     AYURVEDA SGT FA-FP Library SGT FA-FP Library Text Book 23/03/2017 100.00 SGTU CP/B/948 1 618.1 K07K FA5238 05/03/2020 03/03/2020 09/02/2017 Books
    Dewey Decimal Classification     AYURVEDA SGT FA-FP Library SGT FA-FP Library Text Book 23/03/2017 100.00 SGTU CP/B/948   618.1 K07K FA5239 23/03/2017   09/02/2017 Books
    Dewey Decimal Classification     AYURVEDA SGT FA-FP Library SGT FA-FP Library Text Book 23/03/2017 100.00 SGTU CP/B/948   618.1 K07K FA5240 23/03/2017   09/02/2017 Books